| 000 | 00382nam a2200109Ia 4500 | ||
|---|---|---|---|
| 008 | 171204s9999 xx 000 0 und d | ||
| 245 | _aBuilding the Infrastructure for Cloud Security: A Solutions View: | ||
| 245 | _cEnrique Castro-Leon and Raghuram Yeluri | ||
| 260 | _c2014 | ||
| 650 | _xFUNDAMENTALS OF INFORMATION SECURITY | ||
| 856 | _uhttp://down.ebook777.com/058/1430261455.pdf | ||
| 999 |
_c347196 _d347196 |
||